| 000 | 00984nam a2200229 a 4500 | ||
|---|---|---|---|
| 005 | 20210819112920.0 | ||
| 008 | 120830s2019 mau |||gr|||| 00| 0 fre d | ||
| 020 | _a9789004423923 | ||
| 040 |
_aCO-BoUCM _bspa _cDeissy Garcia _dDeissy Garcia |
||
| 041 | _afre | ||
| 100 | 1 |
_aKinsch, Patrick _9104781 |
|
| 245 |
_aLe role du politique en droit international privé _bcours général de droit international privé _cPatrick Kinsch ; Académie de Droit International Law |
||
| 260 |
_aBoston, Massachusetts _bMartinus Nijhoff Publisher _c2019 |
||
| 300 | _a596 páginas | ||
| 490 | 0 |
_aRecueil des Cours _aCollected Courses of the Hague Academy of International Law _v402 |
|
| 504 | _aIncluye referencias bibliográficas e índices | ||
| 650 | 7 |
_912776 _aDerecho internacional |
|
| 650 | 7 |
_97497 _aDerecho internacional privado |
|
| 710 |
_aAcadémie de Droit International _9104782 |
||
| 942 |
_cLIBROREF _2DEWEY _a8 _e1 _h341.02 _mR311 _n0 |
||
| 999 |
_c319018 _d319018 |
||